000 00628nam a2200241 a 4500
001 nice12345678
003 IN_TiNIC
005 20260116011431.0
008 050524s1838 lona grp 000 0 eng
020 _a
_c100
082 0 0 _a220.7
_bIRW
100 _aIrwin, C H
245 _aUniversal Bible Commentary With an Introduction to Each Book of the Bib
260 _aLondon
_bReligious Tracts Society
_c1838
300 _a575p
500 _aincludes index and biblioraphy
505 2 _aAppendix, Indices
650 _aBible-Commentaries
700 1 _aIrwin, C H
902 _bSRS
942 _cBK
999 _c1489
_d1489